000 01007nam0a22002411 4500
001 rc\2683931
005 20230515131954.0
035 _a(NLR Aleph) 006812266
090 _a6356134
_c6356134
100 _a20110915d1933 |||y0rusy50 ca
101 0 _arus
102 _aRU
105 _aab z |||||
200 1 _aСеверная Осетия на пороге второй пятилетки
_fН. А. Гусалов
_gИн-т экон. исследований Госплана СССР. Нац. республики в 1-й пятилетке
210 _aМосква
_aЛенинград
_cСтандартизация и рационализация
_d1933
_eМосква
_gтип. "Путь Октября"
215 _aОбл., 36 с., 2 вкл. л. карт.
_cил.
_d22х15 см.
700 1 _aГусалов
_bН. А.
_gНиколай Александрович
801 0 _aRU
_bNLR
_gpsbo
801 1 _aRU
_bELAR
_2rusmarc
852 _aNLR
_j33-10/3918
942 _cBOOK
980 _aNB